[Event "EYCC 2024 - G16"]
[Site "?"]
[Date "2024.08.31"]
[Round "9.9"]
[White "Sharova, Elyzaveta"]
[Black "Pinyol I Llora, Julia"]
[Result "1/2-1/2"]
[BlackElo "1909"]
[WhiteElo "1765"]
[LiveChessVersion "1.4.8"]

1. Nf3 {[%clk 1:30:50]} c5 {[%clk 1:30:47]} 2. c4 {[%clk 1:31:02]} Nf6
{[%clk 1:31:03]} 3. g3 {[%clk 1:31:13]} b6 {[%clk 1:31:18]} 4. Bg2
{[%clk 1:31:38]} Bb7 {[%clk 1:31:39]} 5. O-O {[%clk 1:31:58]} e6 {[%clk 1:31:51]}
6. b3 {[%clk 1:25:10]} Be7 {[%clk 1:29:48]} 7. Bb2 {[%clk 1:25:33]} O-O
{[%clk 1:28:25]} 8. Na3 {[%clk 1:18:03]} a6 {[%clk 1:26:20]} 9. Rc1
{[%clk 1:17:32]} Qc7 {[%clk 1:23:02]} 10. Nc2 {[%clk 1:17:06]} d6
{[%clk 1:19:36]} 11. d4 {[%clk 1:17:26]} cxd4 {[%clk 1:19:08]} 12. Ncxd4
{[%clk 1:17:39]} Nbd7 {[%clk 1:18:25]} 13. b4 {[%clk 1:14:18]} Rac8
{[%clk 1:11:45]} 14. a3 {[%clk 0:56:09]} Qb8 {[%clk 1:08:24]} 15. Qd3
{[%clk 0:25:23]} Qa8 {[%clk 0:58:47]} 16. Rfd1 {[%clk 0:18:48]} Rfe8
{[%clk 0:51:08]} 17. Ne1 {[%clk 0:18:09]} Ne4 {[%clk 0:45:47]} 18. f3
{[%clk 0:17:08]} Nef6 {[%clk 0:45:48]} 19. f4 {[%clk 0:06:03]} Ne4
{[%clk 0:41:19]} 20. Ndf3 {[%clk 0:06:16]} h5 {[%clk 0:35:18]} 21. Nd2
{[%clk 0:06:34]} Ndf6 {[%clk 0:31:14]} 22. Bxf6 {[%clk 0:06:48]} Nxf6
{[%clk 0:31:41]} 23. Bxb7 {[%clk 0:07:11]} Qxb7 {[%clk 0:32:09]} 24. Qf3
{[%clk 0:07:30]} Qa7 {[%clk 0:31:14]} 25. h3 {[%clk 0:05:39]} a5 {[%clk 0:28:19]}
26. Nd3 {[%clk 0:05:42]} d5 {[%clk 0:25:31]} 27. e4 {[%clk 0:05:31]} dxc4
{[%clk 0:22:02]} 28. Nxc4 {[%clk 0:05:58]} b5+ {[%clk 0:21:34]} 29. Ne3
{[%clk 0:06:26]} Qa8 {[%clk 0:21:48]} 30. Nf2 {[%clk 0:02:30]} axb4
{[%clk 0:21:17]} 31. axb4 {[%clk 0:02:59]} Bxb4 {[%clk 0:19:46]} 32. Rb1
{[%clk 0:02:47]} Bc5 {[%clk 0:14:23]} 33. Rxb5 {[%clk 0:02:24]} Qa7
{[%clk 0:14:32]} 34. Rb3 {[%clk 0:02:18]} Rb8 {[%clk 0:13:38]} 35. Rbd3
{[%clk 0:01:45]} Rb2 {[%clk 0:13:03]} 36. g4 {[%clk 0:01:32]} hxg4
{[%clk 0:09:25]} 37. hxg4 {[%clk 0:02:01]} g6 {[%clk 0:08:20]} 38. g5
{[%clk 0:01:57]} Nh5 {[%clk 0:08:31]} 39. Nfg4 {[%clk 0:01:53]} Qa2
{[%clk 0:07:54]} 40. Rd7 {[%clk 0:00:35]} Rb3 {[%clk 0:05:29]} 41. Nh6+
{[%clk 0:00:51]} Kh7 {[%clk 0:02:09]} 42. Rxf7+ {[%clk 0:01:11]} Ng7
{[%clk 0:02:03]} 43. Nhg4 {[%clk 0:01:25]} Bxe3+ {[%clk 0:01:42]} 44. Nxe3
{[%clk 0:01:53]} Qa3 {[%clk 0:01:16]} 45. Qh3+ {[%clk 0:02:15]} Kg8
{[%clk 0:01:43]} 46. Rxg7+ {[%clk 0:02:36]} Kxg7 {[%clk 0:02:09]} 47. Rd7+
{[%clk 0:02:45]} Re7 {[%clk 0:02:01]} 48. Qh6+ {[%clk 0:03:13]} Kf7
{[%clk 0:01:49]} 49. Qh7+ {[%clk 0:03:23]} Ke8 {[%clk 0:02:06]} 50. Rxe7+
{[%clk 0:02:19]} Qxe7 {[%clk 0:02:32]} 51. Qxe7+ {[%clk 0:02:15]} Kxe7
{[%clk 0:02:49]} 52. Kf2 Rb5 {[%clk 0:02:49]} 53. Ng4 {[%clk 0:02:44]} Kf7
{[%clk 0:02:43]} 54. Ne5+ {[%clk 0:03:06]} Kg7 {[%clk 0:03:07]} 55. Ke3
{[%clk 0:02:51]} Rb1 {[%clk 0:02:41]} 56. Kf3 {[%clk 0:02:28]} Re1
{[%clk 0:02:30]} 57. Nc6 {[%clk 0:02:39]} Rb1 {[%clk 0:02:14]} 58. Ne5
{[%clk 0:03:08]} Rb3+ {[%clk 0:02:30]} 59. Ke2 {[%clk 0:03:35]} Rh3
{[%clk 0:02:41]} 60. Kf2 {[%clk 0:03:51]} Rh1 {[%clk 0:02:31]} 61. Ke2
{[%clk 0:04:16]} Rh3 {[%clk 0:02:38]} 62. Kf2 {[%clk 0:04:41]} Ra3
{[%clk 0:03:00]} 63. Ke2 {[%clk 0:05:05]} Rh3 {[%clk 0:02:56]} 64. Kf2
{[%clk 0:05:32]} Ra3 {[%clk 0:03:23]} 65. Ke2 {[%clk 0:05:57]} Rh3
{[%clk 0:03:50]} 1/2-1/2

[Event "EYCC 2024 - G16"]
[Site "?"]
[Date "2024.08.31"]
[Round "9.10"]
[White "Haapsal, Maria Ioanna"]
[Black "Tomcaniova, Lucia"]
[Result "1-0"]
[BlackElo "1901"]
[WhiteElo "1704"]
[LiveChessVersion "1.4.8"]

1. e4 {[%clk 1:30:49]} c5 {[%clk 1:30:53]} 2. Nf3 {[%clk 1:31:11]} d6
{[%clk 1:31:14]} 3. d4 {[%clk 1:31:30]} cxd4 {[%clk 1:31:37]} 4. Nxd4
{[%clk 1:31:54]} Nf6 {[%clk 1:32:01]} 5. Nc3 {[%clk 1:31:51]} a6 {[%clk 1:31:19]}
6. Be2 {[%clk 1:26:43]} e5 {[%clk 1:31:08]} 7. Nb3 {[%clk 1:26:27]} Be7
{[%clk 1:30:01]} 8. O-O {[%clk 1:26:23]} h6 {[%clk 1:21:43]} 9. Be3
{[%clk 1:25:23]} O-O {[%clk 1:21:12]} 10. f4 {[%clk 1:20:53]} exf4
{[%clk 1:11:38]} 11. Bxf4 {[%clk 1:18:43]} b5 {[%clk 1:11:29]} 12. Bf3
{[%clk 1:16:09]} Bb7 {[%clk 1:04:23]} 13. Nd5 {[%clk 1:11:27]} Nxd5
{[%clk 0:55:49]} 14. exd5 {[%clk 1:11:49]} Bf6 {[%clk 0:52:57]} 15. c3
{[%clk 1:11:08]} Qb6+ {[%clk 0:51:38]} 16. Kh1 {[%clk 1:10:06]} Nd7
{[%clk 0:51:25]} 17. Be4 {[%clk 1:05:20]} Rae8 {[%clk 0:34:01]} 18. Bc2
{[%clk 1:02:12]} Bg5 {[%clk 0:16:51]} 19. Bxg5 {[%clk 0:59:01]} hxg5
{[%clk 0:17:03]} 20. Qh5 {[%clk 0:58:17]} g6 {[%clk 0:15:44]} 21. Bxg6
{[%clk 0:57:47]} fxg6 {[%clk 0:15:58]} 22. Qxg6+ {[%clk 0:58:10]} Kh8
{[%clk 0:15:58]} 23. Qh6+ {[%clk 0:58:06]} Kg8 {[%clk 0:16:21]} 24. Qxg5+
{[%clk 0:58:28]} Kh8 {[%clk 0:13:24]} 25. Qh5+ {[%clk 0:58:01]} Kg8
{[%clk 0:12:26]} 26. Qg4+ {[%clk 0:57:57]} Kh8 {[%clk 0:10:36]} 27. Qxd7
{[%clk 0:55:27]} Bc8 {[%clk 0:06:43]} 28. Qc6 {[%clk 0:43:20]} Qe3
{[%clk 0:04:44]} 29. Qxd6 {[%clk 0:40:42]} Rxf1+ {[%clk 0:03:33]} 30. Rxf1
{[%clk 0:41:04]} Qe1 {[%clk 0:02:16]} 31. Qf6+ {[%clk 0:39:30]} Kg8
{[%clk 0:02:10]} 32. Nd4 {[%clk 0:36:32]} 1-0

[Event "EYCC 2024 - G16"]
[Site "?"]
[Date "2024.08.31"]
[Round "9.11"]
[White "Lorenz, Veronika"]
[Black "Djukic, Katarina"]
[Result "1-0"]
[BlackElo "1673"]
[WhiteElo "1884"]
[LiveChessVersion "1.4.8"]

1. e4 {[%clk 1:30:58]} c5 {[%clk 1:30:55]} 2. Nf3 {[%clk 1:31:27]} d6
{[%clk 1:31:18]} 3. d4 {[%clk 1:31:56]} cxd4 {[%clk 1:31:41]} 4. Nxd4
{[%clk 1:32:24]} Nf6 {[%clk 1:32:10]} 5. Bd3 {[%clk 1:32:42]} Nc6
{[%clk 1:31:30]} 6. Nxc6 {[%clk 1:33:01]} bxc6 {[%clk 1:31:55]} 7. O-O
{[%clk 1:33:15]} g6 {[%clk 1:31:35]} 8. b3 {[%clk 1:33:24]} Bg7 {[%clk 1:31:43]}
9. Bb2 {[%clk 1:33:52]} O-O {[%clk 1:32:06]} 10. Nd2 {[%clk 1:32:56]} d5
{[%clk 1:25:40]} 11. e5 {[%clk 1:25:29]} Nd7 {[%clk 1:25:44]} 12. Qe2
{[%clk 1:25:08]} Nc5 {[%clk 1:25:31]} 13. Ba3 {[%clk 1:21:13]} Nxd3
{[%clk 1:25:15]} 14. cxd3 {[%clk 1:21:37]} Re8 {[%clk 1:19:04]} 15. Rac1
{[%clk 1:12:05]} Qa5 {[%clk 1:15:54]} 16. Bc5 {[%clk 1:11:16]} Ba6
{[%clk 1:15:55]} 17. Qe3 {[%clk 1:04:34]} Rac8 {[%clk 1:04:47]} 18. Rfd1
{[%clk 1:00:12]} Qc7 {[%clk 1:03:06]} 19. f4 {[%clk 0:57:27]} e6 {[%clk 1:00:10]}
20. Nf3 {[%clk 0:54:55]} Ra8 {[%clk 0:58:36]} 21. Nd4 {[%clk 0:52:52]} Bb7
{[%clk 0:57:42]} 22. Rc2 {[%clk 0:47:52]} a6 {[%clk 0:57:27]} 23. Rdc1
{[%clk 0:47:39]} Rac8 {[%clk 0:57:41]} 24. Qd2 {[%clk 0:37:10]} f6
{[%clk 0:56:26]} 25. Bd6 {[%clk 0:36:23]} Qd7 {[%clk 0:56:45]} 26. Qb4
{[%clk 0:35:51]} fxe5 {[%clk 0:56:02]} 27. fxe5 {[%clk 0:35:48]} Bf8
{[%clk 0:54:32]} 28. h3 {[%clk 0:20:22]} Bh6 {[%clk 0:47:18]} 29. Rf1
{[%clk 0:20:28]} Be3+ {[%clk 0:47:31]} 30. Kh1 {[%clk 0:20:47]} Bxd4
{[%clk 0:45:40]} 31. Qxd4 {[%clk 0:21:16]} Qg7 {[%clk 0:46:08]} 32. Rcf2
{[%clk 0:19:25]} Red8 {[%clk 0:41:20]} 33. Rf6 {[%clk 0:15:54]} h5
{[%clk 0:37:40]} 34. Rxe6 {[%clk 0:14:48]} Re8 {[%clk 0:35:31]} 35. Rff6
{[%clk 0:14:47]} Rcd8 {[%clk 0:32:42]} 36. Rxg6 {[%clk 0:14:01]} 1-0

[Event "EYCC 2024 - G16"]
[Site "?"]
[Date "2024.08.31"]
[Round "9.12"]
[White "Dorazilova, Kristyna"]
[Black "Wojs, Alicja"]
[Result "0-1"]
[BlackElo "1953"]
[WhiteElo "1788"]
[LiveChessVersion "1.4.8"]

1. e4 {[%clk 1:30:59]} e6 {[%clk 1:30:54]} 2. d4 {[%clk 1:31:25]} d5
{[%clk 1:31:19]} 3. Nd2 {[%clk 1:31:52]} c5 {[%clk 1:31:43]} 4. exd5
{[%clk 1:32:15]} exd5 {[%clk 1:32:07]} 5. Ngf3 {[%clk 1:29:02]} Nc6
{[%clk 1:30:38]} 6. Be2 {[%clk 1:24:21]} Nf6 {[%clk 1:29:31]} 7. O-O
{[%clk 1:24:24]} cxd4 {[%clk 1:27:56]} 8. Nb3 {[%clk 1:22:49]} Bd6
{[%clk 1:26:56]} 9. Nfxd4 {[%clk 1:21:05]} h6 {[%clk 1:24:56]} 10. c3
{[%clk 1:18:18]} O-O {[%clk 1:24:57]} 11. Be3 {[%clk 1:14:14]} a6
{[%clk 1:21:46]} 12. Bf3 {[%clk 1:11:01]} Re8 {[%clk 1:18:58]} 13. Re1
{[%clk 1:10:06]} Qc7 {[%clk 1:17:50]} 14. h3 {[%clk 1:09:55]} Ne5
{[%clk 1:15:49]} 15. Re2 {[%clk 0:54:04]} Bd7 {[%clk 1:10:42]} 16. Qc2
{[%clk 0:52:10]} Re7 {[%clk 1:06:41]} 17. Rae1 {[%clk 0:49:44]} Rae8
{[%clk 1:06:40]} 18. Nd2 {[%clk 0:47:14]} Nc4 {[%clk 1:02:37]} 19. Nxc4
{[%clk 0:47:08]} dxc4 {[%clk 1:02:56]} 20. Nf5 {[%clk 0:41:07]} Bxf5
{[%clk 1:02:40]} 21. Qxf5 {[%clk 0:41:35]} Re5 {[%clk 1:00:40]} 22. Qc2
{[%clk 0:41:38]} b5 {[%clk 0:57:45]} 23. Bd4 {[%clk 0:41:05]} Rxe2
{[%clk 0:55:40]} 24. Rxe2 {[%clk 0:41:34]} Be5 {[%clk 0:55:36]} 25. Bxe5
{[%clk 0:35:00]} Rxe5 {[%clk 0:55:56]} 26. Rxe5 {[%clk 0:32:38]} Qxe5
{[%clk 0:56:11]} 27. Kf1 {[%clk 0:30:01]} g6 {[%clk 0:52:24]} 28. Qe2
{[%clk 0:28:56]} Qf5 {[%clk 0:49:37]} 29. Qd1 {[%clk 0:26:20]} Kg7
{[%clk 0:47:09]} 30. Ke2 {[%clk 0:19:01]} a5 {[%clk 0:42:00]} 31. a3
{[%clk 0:19:18]} h5 {[%clk 0:40:28]} 32. Ke1 {[%clk 0:15:54]} Qe5+
{[%clk 0:36:56]} 33. Qe2 {[%clk 0:15:13]} Qc5 {[%clk 0:36:56]} 34. Qd2
{[%clk 0:14:30]} g5 {[%clk 0:34:19]} 35. Qe2 {[%clk 0:10:40]} Kg6
{[%clk 0:32:40]} 36. Qc2+ {[%clk 0:09:59]} Kh6 {[%clk 0:31:32]} 37. Qd2
{[%clk 0:10:19]} Qf5 {[%clk 0:30:37]} 38. Bd1 {[%clk 0:07:31]} Nd5
{[%clk 0:25:48]} 39. Bc2 {[%clk 0:06:33]} Qe5+ {[%clk 0:25:51]} 40. Qe2
{[%clk 0:06:11]} Qh2 {[%clk 0:21:25]} 41. Qe4 {[%clk 0:04:50]} Qg1+
{[%clk 0:21:46]} 42. Ke2 {[%clk 0:04:31]} Nf4+ {[%clk 0:21:57]} 43. Ke3
{[%clk 0:03:25]} Nxg2+ {[%clk 0:20:30]} 44. Kd4 {[%clk 0:02:15]} Qxf2+
{[%clk 0:20:52]} 45. Kd5 {[%clk 0:02:42]} Ne3+ {[%clk 0:21:07]} 46. Ke5
{[%clk 0:01:49]} Nxc2 {[%clk 0:20:52]} 47. Qc6+ {[%clk 0:01:45]} Kg7
{[%clk 0:20:58]} 48. Qc8 {[%clk 0:00:47]} Qf6+ {[%clk 0:20:22]} 49. Kd5
{[%clk 0:01:04]} Qe6+ {[%clk 0:20:38]} 50. Qxe6 {[%clk 0:01:02]} fxe6+
{[%clk 0:21:06]} 51. Kxe6 {[%clk 0:01:30]} g4 {[%clk 0:21:25]} 0-1

[Event "EYCC 2024 - G16"]
[Site "?"]
[Date "2024.08.31"]
[Round "9.13"]
[White "Vermeulen, Hailey"]
[Black "Bruntse, Kathrine Lindegaard"]
[Result "1/2-1/2"]
[BlackElo "1945"]
[WhiteElo "1731"]
[LiveChessVersion "1.4.8"]

1. e4 {[%clk 1:30:55]} c5 {[%clk 1:30:55]} 2. Nf3 {[%clk 1:31:18]} e6
{[%clk 1:31:18]} 3. d4 {[%clk 1:31:39]} cxd4 {[%clk 1:31:41]} 4. Nxd4
{[%clk 1:31:59]} Nc6 {[%clk 1:32:04]} 5. Nc3 {[%clk 1:32:14]} Qc7
{[%clk 1:32:26]} 6. Be2 {[%clk 1:32:28]} a6 {[%clk 1:32:33]} 7. O-O
{[%clk 1:32:42]} Nf6 {[%clk 1:32:21]} 8. Be3 {[%clk 1:32:46]} Bb4
{[%clk 1:28:01]} 9. Nxc6 {[%clk 1:26:58]} bxc6 {[%clk 1:14:44]} 10. Bd3
{[%clk 1:20:17]} c5 {[%clk 1:05:20]} 11. f4 {[%clk 1:13:59]} Bxc3
{[%clk 1:00:53]} 12. bxc3 {[%clk 1:14:19]} c4 {[%clk 0:58:51]} 13. Be2
{[%clk 1:10:59]} Nxe4 {[%clk 0:54:56]} 14. Qd4 {[%clk 1:08:31]} Nf6
{[%clk 0:50:36]} 15. Bxc4 {[%clk 1:02:52]} O-O {[%clk 0:47:18]} 16. Rf3
{[%clk 0:55:22]} Bb7 {[%clk 0:41:06]} 17. Rg3 {[%clk 0:53:39]} Kh8
{[%clk 0:34:37]} 18. f5 {[%clk 0:49:28]} e5 {[%clk 0:25:52]} 19. Qh4
{[%clk 0:47:44]} d5 {[%clk 0:22:17]} 20. Bh6 {[%clk 0:42:35]} Rg8
{[%clk 0:17:10]} 21. Bxg7+ {[%clk 0:41:10]} Rxg7 {[%clk 0:17:33]} 22. Qxf6
{[%clk 0:41:27]} Rag8 {[%clk 0:17:46]} 23. Rxg7 {[%clk 0:41:16]} Rxg7
{[%clk 0:18:10]} 24. Bb3 {[%clk 0:38:16]} Qxc3 {[%clk 0:15:18]} 25. Qd8+
{[%clk 0:36:45]} Rg8 {[%clk 0:15:40]} 26. Qf6+ {[%clk 0:36:33]} 1/2-1/2

[Event "EYCC 2024 - G16"]
[Site "?"]
[Date "2024.08.31"]
[Round "9.14"]
[White "Natoli, Alessia"]
[Black "Zgoda, Aleksandra"]
[Result "0-1"]
[BlackElo "1688"]
[WhiteElo "1944"]
[LiveChessVersion "1.4.8"]

1. e4 {[%clk 1:30:59]} e6 {[%clk 1:30:54]} 2. Qe2 {[%clk 1:31:24]} c5
{[%clk 1:31:05]} 3. Nf3 {[%clk 1:31:48]} Nc6 {[%clk 1:31:10]} 4. g3
{[%clk 1:31:57]} Nf6 {[%clk 1:30:04]} 5. Bg2 {[%clk 1:30:21]} d6 {[%clk 1:27:30]}
6. c3 {[%clk 1:29:28]} Qb6 {[%clk 1:23:09]} 7. O-O {[%clk 1:28:39]} Be7
{[%clk 1:21:37]} 8. Rd1 {[%clk 1:27:12]} O-O {[%clk 1:13:36]} 9. d4
{[%clk 1:21:50]} cxd4 {[%clk 1:03:17]} 10. cxd4 {[%clk 1:21:42]} d5
{[%clk 1:02:22]} 11. e5 {[%clk 1:19:11]} Ne4 {[%clk 0:56:44]} 12. Be3
{[%clk 1:15:06]} f6 {[%clk 0:48:09]} 13. exf6 {[%clk 1:11:52]} Bxf6
{[%clk 0:46:23]} 14. Nc3 {[%clk 1:08:14]} Nxc3 {[%clk 0:40:35]} 15. bxc3
{[%clk 1:08:36]} Na5 {[%clk 0:39:48]} 16. Nd2 {[%clk 1:03:23]} Bd7
{[%clk 0:36:20]} 17. c4 {[%clk 0:57:34]} dxc4 {[%clk 0:34:46]} 18. Nxc4
{[%clk 0:57:41]} Qa6 {[%clk 0:34:35]} 19. Be4 {[%clk 0:41:32]} Nxc4
{[%clk 0:28:38]} 20. Rdb1 {[%clk 0:26:55]} Nxe3 {[%clk 0:22:42]} 21. Qxa6
{[%clk 0:24:37]} bxa6 {[%clk 0:22:40]} 22. fxe3 {[%clk 0:24:41]} Rab8
{[%clk 0:22:51]} 23. Rb7 {[%clk 0:24:19]} Rxb7 {[%clk 0:22:35]} 24. Bxb7
{[%clk 0:24:38]} Bg5 {[%clk 0:22:30]} 25. Re1 {[%clk 0:23:32]} Bb5
{[%clk 0:21:24]} 26. Bg2 {[%clk 0:22:22]} Bc4 {[%clk 0:20:25]} 27. a3
{[%clk 0:21:49]} Rb8 {[%clk 0:18:51]} 28. e4 {[%clk 0:20:19]} Rb3
{[%clk 0:17:37]} 29. d5 {[%clk 0:19:50]} exd5 {[%clk 0:15:45]} 30. exd5
{[%clk 0:20:17]} Rxa3 {[%clk 0:14:48]} 31. h4 {[%clk 0:19:31]} Rxg3
{[%clk 0:12:42]} 32. Kh1 {[%clk 0:16:33]} Bxh4 {[%clk 0:12:09]} 33. Re8+
{[%clk 0:16:36]} Kf7 {[%clk 0:12:30]} 34. Re4 {[%clk 0:17:01]} Bxd5
{[%clk 0:12:08]} 35. Rf4+ {[%clk 0:17:22]} Bf6 {[%clk 0:12:31]} 36. Bxd5+
{[%clk 0:17:44]} Ke7 {[%clk 0:12:26]} 37. Ra4 {[%clk 0:17:27]} Rg5
{[%clk 0:12:00]} 38. Bf3 {[%clk 0:16:53]} a5 {[%clk 0:12:08]} 39. Rc4
{[%clk 0:17:03]} Kd6 {[%clk 0:11:31]} 40. Rc8 {[%clk 0:16:53]} a4
{[%clk 0:11:19]} 41. Ra8 {[%clk 0:17:04]} Bd4 {[%clk 0:11:34]} 42. Rd8+
{[%clk 0:17:17]} Kc5 {[%clk 0:11:49]} 43. Rc8+ {[%clk 0:17:26]} Kb4
{[%clk 0:12:02]} 44. Be2 {[%clk 0:17:08]} Rc5 {[%clk 0:12:12]} 45. Rd8
{[%clk 0:17:04]} Bf6 {[%clk 0:11:40]} 46. Rb8+ {[%clk 0:17:06]} Kc3
{[%clk 0:11:59]} 0-1